000 00500nam a2200181Ia 4500
003 IN-BaIIA
008 211028s9999 xx 000 0 eng d
020 _a978-1-4398-7576-6
040 _cIIA Library
080 _a523.07
_bLON
100 _aLongstaff, Alan
_936393
245 0 _aAstrobiology
_ban introduction
_cAlan Longstaff
260 _aBoca Raton
_bCRC Press
_c2015
300 _axxxii, 422p.
490 _aSeries in astronomy and astrophysics
650 _aExobiology
_920584
942 _cBK
999 _c19056
_d19056